000 03489nam a2200409 a 4500
001 dia_1483
003 CHAP
005 20250623141736.0
007 ta
008 220117s1994 mx ad fr 001 0 spa d
010 _a172024
020 _a968-26-1246-2
040 _cCHAP
_amxchpua
041 _aspa
_bspa
_fspa
_heng
050 _aTJ265
_b.H83 1994
082 _220
_a621.01
_bH83 1994
100 1 _aHuang, Francis F.
_956577
_eautor
240 1 0 _aEngineering thermodynamics: fundamentals and applications.
_lEspañol
245 1 0 _aIngeniería termodinámica :
_bfundamentos y aplicaciones /
_cFrancis F. Huang ; traductor Jaime B. Cervantes de Gortari
250 _a2a edición
264 _aMéxico :
_bCECSA,
_c1994
300 _axxix, 864 páginas :
_bilustraciones, tablas, gráficas
336 _atexto
_btxt
_2rdacontent
337 _asin medio
_bn
_2rdamedia
338 _avolumen
_bnc
_2rdacarrier
500 _aEj. 5: dia_5047 (perdido).
504 _aBibliografía: 761-763
505 0 _aI. Fundamentos -- 1. Conceptos básicos y definiciones -- 2. La energía y la primera ley de la termodinámica -- 3. La entropía y la segunda ley de la termodinámica -- 4. Ecuaciones de estado en forma gráfica y tabular para una sustancia pura -- 5. Comportamiento y propiedades termodinámicas de los gases ideales -- 6. Algunas consecuencias de la segunda ley de la termodinámica con una introducción a los sistemas de componentes multiples -- II. Aplicaciones -- 7. Análisis de ingeniería de procesos para sistemas cerrados -- 8. Análisis de ingeniería de procesos para sistemas abiertos -- 9. La termodinámica de fluidos con flujo unidimensional permanente -- 10. Disponibilidad, irreversabilidad y análisis energético de procesos -- 11. Sistemas para la generación de energía, ciclo combinado y cogeneración -- 12. Sistemas de refrigeración y bombas de calor -- 13. Termodinámica de la sustancia simple compresible -- 14. Termodinámica de mezclas no reactivas de gases y vapores -- 15. Reacciones químicas y mezclas reactivas -- 16. Diseño de sistemas que incluyan depósitos de calor, de trabajo y de materia -- Bibliografía
520 2 _aEn esta nueva edición el estudiante encuentra los conceptos básicos y las definiciones de manera coherente. Se le exponen los diferentes sistemas de Ingeniería con el objeto de ilustrar la termodinámica y las diferentes clases de herramientas utilizadas en el diseño de tales sistemas. Se muestra al lector la estructura básica de esta ciencia que es relativamente simple. Incluye el tema de disponibilidad, irreversibilidad y análisis de disponibilidad; se adapta el sistema internacional (SI) de unidades; sin embargo, existen ejemplos tambien del sistema inglés. Se han incrementado sustancialmente la cantidad de problemas al final de cada capítulo. Se han adicionado muchos problemas para los cuales se recomienda el uso de la computadora. Se han agregado datos de propiedades en el sistema internacional de unidades. El conjunto de todos estos cambios y adiciones deberán hacer de esta nueva edición un texto más eficiente y actualizado en beneficio del estudiante.
650 1 3 _aTermodinámica
_9112366
_2atg
650 1 3 _aThermodynamics
_9150835
_2atg
700 1 _aCervantes de Gortari, Jaime B.
_9150849
_etraductor
901 _a621.01 H83 1994
902 _aM
905 _a5232271994 MX a 8232223322SPA16
942 _cLIBRO
_2ddc
999 _c172024
_d172024